| 000 | 02329cam a2200301 4500500 | ||
|---|---|---|---|
| 005 | 20251228052942.0 | ||
| 041 | _afre | ||
| 042 | _adc | ||
| 100 | 1 | 0 |
_aMarié, Michel _eauthor |
| 245 | 0 | 0 | _aL'anthropologue et ses territoires |
| 260 | _c2005. | ||
| 500 | _a95 | ||
| 520 | _aRésuméÀ la manière de l’autobiographe, l’auteur nous parle ici de ses territoires successifs comme ayant été à la fois ses lieux de vie et ses terrains de recherche. Il tente de déceler, dans le même mouvement de l’esprit, l’évolution de son regard et la manière dont celui-ci a été conditionné par l’évolution même de ces territoires. Dans une société marquée par une très grande mobilité, l’anthropologue « voyeur » et voyageur mimétise en quelque sorte l’expérience même des territoires et des habitants qu’il a fréquentés. | ||
| 520 | _aAs a self-biographer, the author tells about some territories which used to be both his living spaces and his research fields. He intends to bind together the evolution of his way to look at territories and their own transformations. In a society characterised by an increasing mobility, a « voyeur » and « traveller » anthropologist imitates the territories and the inhabitants he used to visit. | ||
| 520 | _aResumenComo si fuese una autobiografia, el autor nos describe aquí sus sucesivos territorios que juegan el doble papel de lugar de vida y de terreno de la investigación. Intenta desvelar en el mismo movimiento de su mente la evolución en la manera de ver y como esta está condicionada por la evolución de los territorios. En una sociedad caracterizada por una intensa movilidad, el antropólogo, « voyeur » y al mismo tiempo viajante, mimetiza de cierta manera la experiencia de los lugares y de los habitantes que ha frecuentado. | ||
| 690 | _aaltérité | ||
| 690 | _aespaces interstitiels | ||
| 690 | _aidentité | ||
| 690 | _arégulation sociale | ||
| 690 | _aterritoires | ||
| 690 | _aidentity | ||
| 690 | _aintermediate space | ||
| 690 | _aotherness | ||
| 690 | _asocial regulation | ||
| 690 | _aterritory | ||
| 786 | 0 | _nEspaces et sociétés | 119 | 4 | 2005-03-01 | p. 177-198 | 0014-0481 | |
| 856 | 4 | 1 | _uhttps://shs.cairn.info/revue-espaces-et-societes-2004-4-page-177?lang=fr&redirect-ssocas=7080 |
| 999 |
_c1584885 _d1584885 |
||